Law and organization in world society.

Bibliographic Details
Main Author: Carlston, Kenneth Smith, 1904-1969
Format: Book
Language:English
Published: Urbana : University of Illinois Press, 1962.
Subjects:

MARC

Tag First Indicator Second Indicator Subfields
LEADER 00000cam a2200000 4500
001 in00000068967
005 20151008050854.0
008 740605s1962 ilu b 00000 eng u
010 |a  62013211  
035 |a (OCoLC)00908709 
035 |9 AAG3951AM 
040 |c LMC  |d TXA  |d UtOrBLW 
049 |a TXAM  |c [364476] 
050 0 |a JX4263.P6  |b C3 1962 
092 |a 341  |b C284 
100 1 |a Carlston, Kenneth Smith,  |d 1904-1969. 
245 1 0 |a Law and organization in world society. 
264 1 |a Urbana :  |b University of Illinois Press,  |c 1962. 
300 |a xii, 356 pages ;  |c 24cm 
336 |a text  |b txt  |2 rdacontent 
337 |a unmediated  |b n  |2 rdamedia 
338 |a volume  |b nc  |2 rdacarrier 
504 |a Includes bibliographical footnotes. 
650 0 |a Eminent domain (International law) 
650 0 |a International law. 
650 0 |a International organization. 
999 |a MARS 
999 f f |s 3eaaa3d7-9a82-3852-b47f-ea44783f6f3c  |i 669a5fc5-cc04-334d-8886-99fdcca1ad41  |t 0 
952 f f |p ric  |a Texas A&M University  |b Rellis Campus  |c Joint Library Facility  |d Remote Storage  |t 0  |e JX4263.P6 C3 1962  |h Library of Congress classification  |i unmediated -- volume  |m A14800780762 
998 f f |a JX4263.P6 C3 1962  |t 0  |l Remote Storage